[Event "PK Jeugd 2020 C-Meisjes"]
[Site "Eindhoven, Netherlands"]
[Date "2020.02.09"]
[Round "7.3"]
[White "Yeh, Nora"]
[Black "Ganeshram, Nirupa"]
[Result "1-0"]
[WhiteElo "1479"]
[BlackElo "1033"]

1. d4 {[%clk 00:55:18]} d5 {[%clk 00:55:16]} {[%emt 00:00:04]} 2. Nf3 {[%clk
00:55:25]} {[%emt 00:00:04]} e6 {[%clk 00:55:14]} {[%emt 00:00:11]} 3. Bf4
{[%clk 00:55:30]} {[%emt 00:00:06]} c5 {[%clk 00:55:15]} {[%emt 00:00:08]} 4.
e3 {[%clk 00:55:34]} {[%emt 00:00:07]} Nf6 {[%clk 00:55:13]} {[%emt 00:00:11]}
5. Nbd2 {[%clk 00:55:19]} {[%emt 00:00:26]} Nc6 {[%clk 00:54:29]} {[%emt
00:00:54]} 6. c4 {[%clk 00:54:50]} {[%emt 00:00:39]} Bd7 {[%clk 00:53:40]}
{[%emt 00:00:59]} 7. Be2 {[%clk 00:54:27]} {[%emt 00:00:32]} dxc4 {[%clk
00:53:20]} {[%emt 00:00:31]} 8. Nxc4 {[%clk 00:54:04]} {[%emt 00:00:33]} Be7
{[%clk 00:52:13]} {[%emt 00:01:17]} 9. dxc5 {[%clk 00:53:04]} {[%emt 00:01:10]}
Bxc5 {[%clk 00:52:04]} {[%emt 00:00:20]} 10. Bd6 {[%clk 00:52:13]} {[%emt
00:01:00]} Bb4+ {[%clk 00:50:22]} {[%emt 00:01:45]} 11. Bxb4 {[%clk 00:51:54]}
{[%emt 00:00:36]} Nxb4 {[%clk 00:50:17]} {[%emt 00:00:15]} 12. Nd6+ {[%clk
00:50:43]} {[%emt 00:01:21]} Ke7 {[%clk 00:49:37]} {[%emt 00:00:39]} 13. O-O
{[%clk 00:45:22]} {[%emt 00:05:41]} Bc6 {[%clk 00:40:02]} {[%emt 00:09:46]} 14.
Nc4 {[%clk 00:39:21]} {[%emt 00:06:10]} Re8 {[%clk 00:34:40]} {[%emt 00:05:31]}
15. a3 {[%clk 00:36:55]} {[%emt 00:02:37]} Nbd5 {[%clk 00:33:04]} {[%emt
00:01:45]} 16. Nce5 {[%clk 00:33:17]} {[%emt 00:03:49]} Kf8 {[%clk 00:30:26]}
{[%emt 00:02:47]} 17. Rc1 {[%clk 00:31:35]} {[%emt 00:01:52]} Rc8 {[%clk
00:26:30]} {[%emt 00:04:05]} 18. Nd4 {[%clk 00:29:34]} {[%emt 00:02:12]} Qd6
{[%clk 00:23:34]} {[%emt 00:02:59]} 19. Nexc6 {[%clk 00:28:12]} {[%emt
00:01:40]} bxc6 {[%clk 00:23:23]} {[%emt 00:00:21]} 20. Bf3 {[%clk 00:26:03]}
{[%emt 00:02:18]} Red8 {[%clk 00:19:11]} {[%emt 00:04:23]} 21. Nb3 {[%clk
00:22:38]} {[%emt 00:03:35]} Qe5 {[%clk 00:15:21]} {[%emt 00:03:47]} 22. Qd4
{[%clk 00:19:14]} {[%emt 00:03:46]} Qb8 {[%clk 00:13:45]} {[%emt 00:01:29]} 23.
Na5 {[%clk 00:13:30]} {[%emt 00:06:12]} Ne7 {[%clk 00:11:44]} {[%emt 00:02:10]}
24. Qc3 {[%clk 00:12:29]} {[%emt 00:01:12]} Nfd5 {[%clk 00:07:23]} {[%emt
00:04:30]} 25. Qb3 {[%clk 00:08:48]} {[%emt 00:03:52]} Qxb3 {[%clk 00:05:00]}
{[%emt 00:02:33]} 26. Nxb3 {[%clk 00:08:49]} {[%emt 00:00:09]} Rb8 {[%clk
00:04:54]} {[%emt 00:00:12]} 27. Bxd5 {[%clk 00:07:11]} {[%emt 00:01:52]} Nxd5
{[%clk 00:05:03]} {[%emt 00:00:01]} 28. Nd4 {[%clk 00:06:30]} {[%emt 00:00:51]}
Rxb2 {[%clk 00:04:41]} {[%emt 00:00:32]} 29. Nxc6 {[%clk 00:06:00]} {[%emt
00:00:40]} Rc8 {[%clk 00:04:33]} {[%emt 00:00:14]} 30. Nxa7 {[%clk 00:04:49]}
{[%emt 00:01:26]} Rxc1 {[%clk 00:04:24]} {[%emt 00:00:18]} 31. Rxc1 {[%clk
00:04:55]} {[%emt 00:00:03]} Ke7 {[%clk 00:04:03]} {[%emt 00:00:31]} 32. g3
{[%clk 00:04:11]} {[%emt 00:00:55]} Kf6 {[%clk 00:04:05]} {[%emt 00:00:08]} 33.
Kg2 {[%clk 00:03:51]} {[%emt 00:00:30]} g6 {[%clk 00:03:52]} {[%emt 00:00:23]}
34. Ra1 {[%clk 00:03:34]} {[%emt 00:00:27]} Nxe3+ {[%clk 00:03:58]} {[%emt
00:00:03]} 35. Kf3 {[%clk 00:03:12]} {[%emt 00:00:32]} Nc4 {[%clk 00:03:49]}
{[%emt 00:00:18]} 36. a4 {[%clk 00:02:44]} {[%emt 00:00:40]} Rb3+ {[%clk
00:03:36]} {[%emt 00:00:22]} 37. Kg2 {[%clk 00:02:38]} {[%emt 00:00:16]} Ke5
{[%clk 00:03:41]} {[%emt 00:00:05]} 38. Nb5 {[%clk 00:01:54]} {[%emt 00:00:54]}
Kd5 {[%clk 00:03:12]} {[%emt 00:00:38]} 39. Rd1+ {[%clk 00:01:33]} {[%emt
00:00:32]} Ke5 {[%clk 00:02:07]} {[%emt 00:01:14]} 40. Re1+ {[%clk 00:01:12]}
{[%emt 00:00:33]} Kd5 {[%clk 00:02:14]} {[%emt 00:00:02]} 41. Rd1+ {[%clk
00:01:10]} {[%emt 00:00:12]} Ke5 {[%clk 00:02:23]} {[%emt 00:00:01]} 42. Rd7
{[%clk 00:00:56]} {[%emt 00:00:15]} Kf6 {[%clk 00:02:23]} {[%emt 00:00:14]} 43.
Nd4 {[%clk 00:00:59]} {[%emt 00:00:13]} Ra3 {[%clk 00:02:22]} {[%emt 00:00:05]}
44. Ra7 {[%clk 00:00:51]} {[%emt 00:00:23]} Ke5 {[%clk 00:01:58]} {[%emt
00:00:32]} 45. Nb5 {[%clk 00:00:50]} {[%emt 00:00:14]} Ra2 {[%clk 00:01:55]}
{[%emt 00:00:07]} 46. Rxf7 {[%clk 00:00:49]} {[%emt 00:00:17]} Rxa4 {[%clk
00:01:57]} {[%emt 00:00:07]} 47. Rxh7 {[%clk 00:00:47]} {[%emt 00:00:12]} Ra2
{[%clk 00:01:57]} {[%emt 00:00:10]} 48. Kf3 {[%clk 00:00:46]} {[%emt 00:00:11]}
Nd2+ {[%clk 00:02:03]} {[%emt 00:00:04]} 49. Kg2 {[%clk 00:00:41]} {[%emt
00:00:15]} Ne4 {[%clk 00:02:06]} {[%emt 00:00:06]} 50. Rf7 {[%clk 00:00:45]}
{[%emt 00:00:07]} Rb2 {[%clk 00:01:57]} {[%emt 00:00:17]} 51. Nc7 {[%clk
00:00:47]} {[%emt 00:00:11]} Rc2 {[%clk 00:01:58]} {[%emt 00:00:05]} 52. Ne8
{[%clk 00:00:50]} {[%emt 00:00:11]} g5 {[%clk 00:01:42]} {[%emt 00:00:25]} 53.
Ng7 {[%clk 00:00:51]} {[%emt 00:00:09]} Rd2 {[%clk 00:01:32]} {[%emt 00:00:12]}
54. h4 {[%clk 00:00:44]} {[%emt 00:00:25]} gxh4 {[%clk 00:01:22]} {[%emt
00:00:20]} 55. gxh4 {[%clk 00:00:51]} {[%emt 00:00:03]} Nf6 {[%clk 00:01:28]}
{[%emt 00:00:03]} 56. h5 {[%clk 00:00:52]} {[%emt 00:00:10]} Rd8 {[%clk
00:01:22]} {[%emt 00:00:14]} 57. Kg3 {[%clk 00:00:44]} {[%emt 00:00:20]} Ne4+
{[%clk 00:01:21]} {[%emt 00:00:10]} 58. Kg4 {[%clk 00:00:43]} {[%emt 00:00:07]}
Rd4 {[%clk 00:01:10]} {[%emt 00:00:19]} 59. f4+ {[%clk 00:00:43]} {[%emt
00:00:16]} Kd6 {[%clk 00:01:12]} {[%emt 00:00:08]} 60. h6 {[%clk 00:00:40]}
{[%emt 00:00:14]} Nf2+ {[%clk 00:01:19]} {[%emt 00:00:02]} 61. Kg5 {[%clk
00:00:38]} {[%emt 00:00:12]} Ne4+ {[%clk 00:01:23]} {[%emt 00:00:07]} 62. Kg6
{[%clk 00:00:40]} {[%emt 00:00:08]} Rd1 {[%clk 00:01:19]} {[%emt 00:00:14]} 63.
Ne8+ {[%clk 00:00:38]} {[%emt 00:00:12]} Kc5 {[%clk 00:01:12]} {[%emt
00:00:13]} 64. h7 {[%clk 00:00:35]} {[%emt 00:00:17]} Rg1+ {[%clk 00:01:20]}
{[%emt 00:00:02]} 65. Kh5 {[%clk 00:00:40]} {[%emt 00:00:04]} Ng3 {[%clk
00:01:19]} {[%emt 00:00:11]} 66. Kh4 {[%clk 00:00:46]} {[%emt 00:00:04]} Nf5+
{[%clk 00:01:19]} {[%emt 00:00:09]} 67. Kh3 {[%clk 00:00:47]} {[%emt 00:00:11]}
Rh1+ {[%clk 00:01:18]} {[%emt 00:00:11]} 68. Kg2 {[%clk 00:00:55]} {[%emt
00:00:02]} Rh6 {[%clk 00:01:21]} {[%emt 00:00:03]} 69. Nf6 {[%clk 00:00:44]}
{[%emt 00:00:24]} Rg6+ {[%clk 00:01:08]} {[%emt 00:00:22]} 70. Kf2 {[%clk
00:00:43]} {[%emt 00:00:12]} Rh6 {[%clk 00:00:53]} {[%emt 00:00:24]} 71. Rf8
{[%clk 00:00:43]} {[%emt 00:00:11]} Rh2+ {[%clk 00:00:41]} {[%emt 00:00:22]} 72.
Kg1 {[%clk 00:00:44]} {[%emt 00:00:10]} Rh4 {[%clk 00:00:35]} {[%emt 00:00:14]}
73. h8=Q {[%clk 00:00:48]} {[%emt 00:00:08]} Rxf4 {[%emt 00:00:15]} 74. Rc8+
{[%clk 00:00:53]} Kd4 {[%clk 00:00:41]} {[%emt 00:00:01]} 75. Nh5+ {[%clk
00:01:00]} {[%emt 00:00:05]} Ke4 {[%clk 00:00:48]} {[%emt 00:00:14]} 76. Nxf4
{[%clk 00:01:17]} {[%emt 00:00:02]} Kxf4 {[%clk 00:00:56]} {[%emt 00:00:02]} 77.
Rc4+ {[%clk 00:01:26]} {[%emt 00:00:01]} Kg5 {[%clk 00:00:59]} {[%emt
00:00:06]} 78. Qg8+ {[%clk 00:01:27]} {[%emt 00:00:08]} Kf6 {[%clk 00:01:03]}
{[%emt 00:00:06]} 79. Rc7 {[%clk 00:01:01]} {[%emt 00:00:36]} e5 {[%clk
00:00:51]} {[%emt 00:00:24]} 80. Qf7+ {[%clk 00:01:00]} {[%emt 00:00:11]} Kg5
{[%clk 00:00:59]} {[%emt 00:00:01]} 81. Rc2 {[%clk 00:00:46]} {[%emt 00:00:25]}
Kf4 {[%clk 00:01:01]} {[%emt 00:00:07]} 82. Rf2+ {[%clk 00:00:52]} {[%emt
00:00:05]} Ke4 {[%clk 00:01:09]} {[%emt 00:00:01]} 83. Qxf5+ {[%clk 00:00:59]}
{[%emt 00:00:03]} Kd4 {[%clk 00:01:14]} {[%emt 00:00:03]} 84. Re2 {[%clk
00:01:02]} {[%emt 00:00:09]} 1-0

[Event "PK Jeugd 2020 C-Meisjes"]
[Site "Eindhoven, Netherlands"]
[Date "2020.02.09"]
[Round "7.5"]
[White "Yildirum, Azra"]
[Black "Damen, Josephine"]
[Result "0-1"]
[WhiteElo "415"]
[BlackElo "916"]

1. e4 {[%clk 00:55:13]} e5 {[%clk 00:55:18]} {[%emt 00:00:08]} 2. Nf3 {[%clk
00:55:16]} {[%emt 00:00:07]} Nc6 {[%clk 00:55:23]} {[%emt 00:00:06]} 3. Bc4
{[%clk 00:55:19]} {[%emt 00:00:07]} Nf6 {[%clk 00:55:24]} {[%emt 00:00:08]} 4.
Ng5 {[%clk 00:55:12]} {[%emt 00:00:17]} d5 {[%clk 00:55:28]} {[%emt 00:00:06]}
5. exd5 {[%clk 00:55:01]} {[%emt 00:00:21]} Na5 {[%clk 00:55:30]} {[%emt
00:00:08]} 6. Bb5+ {[%clk 00:54:01]} {[%emt 00:01:11]} c6 {[%clk 00:55:32]}
{[%emt 00:00:08]} 7. dxc6 {[%clk 00:54:02]} {[%emt 00:00:08]} bxc6 {[%clk
00:55:35]} {[%emt 00:00:08]} 8. Qf3 {[%clk 00:53:05]} {[%emt 00:01:05]} Rb8
{[%clk 00:55:10]} {[%emt 00:00:36]} 9. Bxc6+ {[%clk 00:51:28]} {[%emt
00:01:47]} Nxc6 {[%clk 00:55:11]} {[%emt 00:00:09]} 10. Qxc6+ {[%clk 00:50:37]}
{[%emt 00:01:02]} Nd7 {[%clk 00:54:59]} {[%emt 00:00:22]} 11. d3 {[%clk
00:49:43]} {[%emt 00:01:03]} Be7 {[%clk 00:53:45]} {[%emt 00:01:25]} 12. Nf3
{[%clk 00:47:25]} {[%emt 00:02:27]} Rb6 {[%clk 00:50:08]} {[%emt 00:03:48]} 13.
Qa4 {[%clk 00:45:31]} {[%emt 00:02:04]} O-O {[%clk 00:38:08]} {[%emt 00:12:21]}
14. Qg4 {[%clk 00:43:54]} {[%emt 00:01:56]} Rg6 {[%clk 00:37:05]} {[%emt
00:01:14]} 15. Qh5 {[%clk 00:41:04]} {[%emt 00:02:58]} Bb7 {[%clk 00:24:42]}
{[%emt 00:12:36]} 16. O-O {[%clk 00:36:45]} {[%emt 00:04:23]} Qa8 {[%clk
00:15:58]} {[%emt 00:08:59]} 17. Nbd2 {[%clk 00:35:33]} {[%emt 00:01:20]} Nf6
{[%clk 00:10:36]} {[%emt 00:05:34]} 18. Qh3 {[%clk 00:31:59]} {[%emt 00:03:42]}
Nd5 {[%clk 00:09:01]} {[%emt 00:01:47]} 19. Ne4 {[%clk 00:29:11]} {[%emt
00:02:58]} Bc8 {[%clk 00:06:57]} {[%emt 00:02:14]} 20. Qh5 {[%clk 00:28:00]}
{[%emt 00:01:15]} Bg4 {[%clk 00:06:47]} {[%emt 00:00:25]} 21. Qxe5 {[%clk
00:26:38]} {[%emt 00:01:32]} Bxf3 {[%clk 00:06:37]} {[%emt 00:00:20]} 22. Ng3
{[%clk 00:24:31]} {[%emt 00:02:17]} Bd6 {[%clk 00:04:31]} {[%emt 00:02:17]} 23.
Qf5 {[%clk 00:23:21]} {[%emt 00:01:19]} Bg4 {[%clk 00:03:48]} {[%emt 00:00:54]}
24. Qe4 {[%clk 00:22:17]} {[%emt 00:01:12]} Bxg3 {[%clk 00:03:42]} {[%emt
00:00:17]} 25. fxg3 {[%clk 00:20:54]} {[%emt 00:01:33]} Re8 {[%clk 00:03:28]}
{[%emt 00:00:25]} 26. Qc4 {[%clk 00:19:08]} {[%emt 00:01:53]} Re2 {[%clk
00:03:12]} {[%emt 00:00:28]} 27. Be3 {[%clk 00:16:04]} {[%emt 00:03:14]} Rxg2+
{[%clk 00:02:15]} {[%emt 00:01:07]} 28. Kh1 {[%clk 00:15:21]} {[%emt 00:00:52]}
Nf6 {[%clk 00:01:57]} {[%emt 00:00:30]} 29. Qe4 {[%clk 00:13:04]} {[%emt
00:02:27]} Nxe4 {[%clk 00:02:00]} {[%emt 00:00:06]} 30. Kxg2 {[%clk 00:13:03]}
{[%emt 00:00:11]} Nd2+ {[%clk 00:01:57]} {[%emt 00:00:13]} 31. Kg1 {[%clk
00:13:07]} {[%emt 00:00:06]} Nxf1 {[%clk 00:01:50]} {[%emt 00:00:17]} 32. Rxf1
{[%clk 00:13:07]} {[%emt 00:00:10]} Bh3 {[%clk 00:01:53]} {[%emt 00:00:07]} 33.
Rf2 {[%clk 00:12:51]} {[%emt 00:00:27]} Rf6 {[%clk 00:01:54]} {[%emt 00:00:09]}
34. Bf4 {[%clk 00:12:51]} {[%emt 00:00:09]} Qe8 {[%clk 00:01:25]} {[%emt
00:00:39]} 35. Rf1 {[%clk 00:11:50]} {[%emt 00:01:11]} Rxf4 {[%clk 00:00:39]}
{[%emt 00:00:56]} 36. gxf4 {[%clk 00:11:37]} {[%emt 00:00:23]} Qe3+ {[%clk
00:00:43]} {[%emt 00:00:05]} 37. Kh1 {[%clk 00:10:55]} {[%emt 00:00:53]} Bxf1
{[%clk 00:00:48]} {[%emt 00:00:04]} 38. c4 {[%clk 00:10:45]} {[%emt 00:00:21]}
Qf3+ {[%clk 00:00:56]} {[%emt 00:00:01]} 39. Kg1 {[%clk 00:10:37]} {[%emt
00:00:18]} Qg2# {[%clk 00:01:00]} {[%emt 00:00:05]} 0-1